000 00331nam a2200121Ia 4500
008 220217s9999||||xx |||||||||||||| ||und||
082 _a005.133 KOT
100 _aKotur, P.B
245 0 _aObject oriented programming with C++
260 _aSapna book house
_bBangalore
_c2003
300 _b250
650 _aPROGRAMMING LANGUAGE
999 _c168655
_d168655